Nutrición animal aplicada: el uso de los alimentos en la formulación de raciones para el ganado

Збережено в:
Бібліографічні деталі
Автор: Crampton, E. W
Формат: Книга
Мова:Іспанська
Опубліковано: La Habana, Cuba Instituto del Libro 1970
Предмети:
Теги: Додати тег
Немає тегів, Будьте першим, хто поставить тег для цього запису!

MARC

LEADER 00000nam a2200000 a 4500
001 UCL4689
003 CL-VaPUC
005 20241115125352.0
008 040123e19700000CU |||||||||||||||||spa|d
999 |c 307483  |d 307481 
040 |c Pontificia Universidad Católica de Valparaíso 
082 0 4 |a 636.085 CRA 1970  |2 21 
100 0 |a Crampton, E. W  |9 482327 
245 1 0 |a Nutrición animal aplicada: el uso de los alimentos en la formulación de raciones para el ganado 
260 0 3 |a La Habana, Cuba  |b Instituto del Libro  |c 1970 
300 |a 415 páginas 
583 |a last modification  |c 20040123 00:00:00  |k Rodrigo Vera 
650 0 |a Nutrición animal  |9 389503 
650 7 |a RACIONES  |2 CL-VaPUC  |9 482328 
650 0 |a Alimentos para animales   |9 389504 
942 |c BK  |2 ddc 
945 |d 20040123 00:00:00  |a cmena 
952 |0 0  |1 0  |2 ddc  |4 0  |6 636_085000000000000_CRA_1970  |7 0  |8 A  |9 373456  |a BIBCUR  |b BIBCUR  |d 2019-11-21  |i 2110350  |o 636.085 CRA 1970  |p 2110350  |r 2025-04-22  |t 1  |w 2019-11-21  |y BK  |k BIO